000 01505nam a2200181Ia 4500
008 151202s9999||||xx |||||||||||||| ||und||
082 _bPNVM-79927
100 _aभैरप्पा एस्. एल्. /अनु. कुलकर्णी उमा.
245 _aकाठ-एका संपन्न सुस्वरुप आणि सुविद्य स्त्री च्या स्वभावाचे आणि परिस्थितीच्या मानसिक दडपणामुळे आत्महत्ये
260 _b"मेहता पब्लिशिंग हाऊस,पुणे."
260 _c2012
300 _a312
600 _aभैरप्पा एस्. एल्. /अनु. कुलकर्णी उमा.
630 _aकाठ-एका संपन्न सुस्वरुप आणि सुविद्य स्त्री च्या स्वभावाचे आणि परिस्थितीच्या मानसिक दडपणामुळे आत्महत्ये
700 _aभैरप्पा एस्. एल्. /अनु. कुलकर्णी उमा.
730 _aकाठ-एका संपन्न सुस्वरुप आणि सुविद्य स्त्री च्या स्वभावाचे आणि परिस्थितीच्या मानसिक दडपणामुळे आत्महत्ये
942 _cBOOK
999 _c1344536
_d1344533